Fachliches in der Presse /

Hlavní autor: Vaňková, Lenka, 1956-
Jazyk: Němčina
Vydáno: Ostrava : University of Ostrava, 2017
Vydání: 1. Auflage
Témata:
Fyzický popis: 141 stran : ilustrace ; 21 cm
Knihy
Uloženo v:
LEADER 01671nam a2200505 i 4500
001 nkc20172957689
003 CZ PrNK
005 20180118093002.0
007 ta
008 171129s2017 xr a f 001 0 ger
015 |a cnb002957689 
020 |a 978-80-7464-959-2  |q (brožováno) 
035 |a (OCoLC)1022794686 
040 |a BOA001  |b cze  |d OLA001  |e rda 
043 |a e-gx--- 
072 7 |a 81  |x Lingvistika. Jazyky  |2 Konspekt  |9 11 
080 |a 070  |2 MRF 
080 |a 81'373.46  |2 MRF 
080 |a 801.73  |2 MRF 
080 |a (430)  |2 MRF 
080 |a (048.8:082)  |2 MRF 
100 1 |a Vaňková, Lenka,  |d 1956-  |7 mzk2004239995  |4 aut 
245 1 0 |a Fachliches in der Presse /  |c Lenka Vaňková et al. 
250 |a 1. Auflage 
264 1 |a Ostrava :  |b University of Ostrava,  |c 2017 
300 |a 141 stran :  |b ilustrace ;  |c 21 cm 
336 |a text  |b txt  |2 rdacontent 
337 |a bez média  |b n  |2 rdamedia 
338 |a svazek  |b nc  |2 rdacarrier 
504 |a Obsahuje bibliografie, bibliografické odkazy a rejstřík 
650 0 7 |a tisk  |7 ph126649  |z Německo  |2 czenas 
650 0 7 |a odborný jazyk  |7 ph118797  |2 czenas 
650 0 7 |a diskurzivní analýza  |7 ph503054  |2 czenas 
650 0 9 |a press  |z Germany  |2 eczenas 
650 0 9 |a professional language  |2 eczenas 
650 0 9 |a discourse analysis  |2 eczenas 
653 0 |a odborné rubriky 
655 7 |a kolektivní monografie  |7 fd501537  |2 czenas 
655 9 |a collective monographs  |2 eczenas 
910 2 |a BOA001  |b 2-1398.773 
928 9 |a Ostravská univerzita 
990 |a BK 
995 |a 01 
991 |b 201712  |c NOV 
996 6 |b 2610727715  |c 2-1398.773  |l MZK  |r Sklad / do 1 hodiny  |n 0  |p p.v.  |w 001643338  |u 000010  |a 1  |e BOA001  |j MZK50  |s P